Identify the Wu-Tang Clan by Picture - Statistics

General Stats
  • This quiz has been taken 405 times
    306 since last reset
  • The average score is 7 of 9
Answer Stats
Picture Answer % Correct
GZA
91%
Ol' Dirty Bastard
88%
RZA
87%
Method Man
86%
U-God
80%
Raekwon
78%
Ghostface Killah
76%
Inspectah Deck
74%
Masta Killa
59%
No matching quizzes found
Score Distribution
Percent of People with Each Score
Percentile by Number Answered
Your Score History
You have not taken this quiz since the last reset